[Event "Milan SSM op-B 08"]
[Site "Milan"]
[Date "2015.08.05"]
[Round "7"]
[White "Forti, Francesco"]
[Black "Santelli, Francesco"]
[Result "0-1"]
[WhiteElo "1647"]
[BlackElo "1759"]
[PlyCount "48"]
[EventDate "2015.07.31"]
[EventType "swiss"]
[EventRounds "7"]
[EventCountry "ITA"]
[SourceTitle "EXT 2022"]
[Source "ChessBase"]
[SourceDate "2021.10.06"]
[SourceVersion "1"]
[SourceVersionDate "2021.10.06"]
[SourceQuality "1"]

1. d4 Nf6 2. c4 e5 3. dxe5 Ng4 4. Nf3 Bc5 5. e3 Nc6 6. Be2 Ngxe5 7. 0-0 0-0 8. Nbd2 Re8 9. a3 a5 10. b3 Ra6 11. Bb2 Qe7 12. Qc2 Ng4 13. Rfe1 Nce5 14. h3 Nxf3+ 15. Bxf3 Ne5 16. Be2 Rg6 17. Nf3 Nxf3+ 18. Bxf3 d6 19. Kh2 Qg5 20. Be4 Bf5 21. f3 Bxe4 22. fxe4 Qg3+ 23. Kh1 Bxe3 24. Qd3 Qxg2# 0-1

[Event "Milan SSM op-B 08"]
[Site "Milan"]
[Date "2015.08.02"]
[Round "3"]
[White "Santelli, Francesco"]
[Black "Aloe, Giancarlo"]
[Result "0-1"]
[WhiteElo "1759"]
[BlackElo "1711"]
[PlyCount "104"]
[EventDate "2015.07.31"]
[EventType "swiss"]
[EventRounds "7"]
[EventCountry "ITA"]
[SourceTitle "EXT 2022"]
[Source "ChessBase"]
[SourceDate "2021.10.06"]
[SourceVersion "1"]
[SourceVersionDate "2021.10.06"]
[SourceQuality "1"]

1. e4 c5 2. Nf3 e6 3. d4 cxd4 4. Nxd4 Nc6 5. Nc3 a6 6. Be3 Nf6 7. a3 Be7 8. Be2 0-0 9. 0-0 Qc7 10. f3 b5 11. Qe1 Ne5 12. Qg3 d6 13. Rad1 Bb7 14. Bd3 Rfe8 15. Be2 Rad8 16. Bd3 Nc4 17. Bc1 Nxa3 18. Nce2 Nc4 19. Nf4 Qc5 20. Bxc4 bxc4 21. Be3 e5 22. Nf5 Qxe3+ 23. Nxe3 exf4 24. Qxf4 Nh5 25. Qf5 g6 26. Qa5 Rc8 27. Nd5 Bd8 28. Qb4 Bxd5 29. Rxd5 Nf4 30. Rd2 Bg5 31. Rdd1 c3 32. g3 Ne6 33. bxc3 Be3+ 34. Kg2 Bc5 35. Qa4 h5 36. Rb1 g5 37. Rb7 Rf8 38. Qd7 Ba3 39. Rb6 Rxc3 40. Rc6 Bc5 41. Rf2 a5 42. Rc8 a4 43. Rxf8+ Kxf8 44. Rd2 a3 45. Qa4 Re3 46. Qc4 g4 47. fxg4 hxg4 48. h3 gxh3+ 49. Kxh3 Ng5+ 50. Kg4 Rxe4+ 51. Qxe4 Nxe4 52. Re2 a2 0-1

[Event "Milan Befana op-B"]
[Site "Milan"]
[Date "2014.01.06"]
[Round "6"]
[White "Lavorgna, Filippo"]
[Black "Santelli, Francesco"]
[Result "1/2-1/2"]
[WhiteElo "1725"]
[BlackElo "1798"]
[PlyCount "76"]
[EventDate "2014.01.02"]
[EventType "swiss"]
[EventRounds "7"]
[EventCountry "ITA"]
[SourceTitle "EXT 2015"]
[Source "ChessBase"]
[SourceDate "2014.11.20"]
[SourceVersion "1"]
[SourceVersionDate "2014.11.20"]
[SourceQuality "1"]

1. d4 Nf6 2. c4 e5 3. d5 Bc5 4. Nc3 d6 5. e4 Bd7 6. Bd3 c6 7. h3 a5 8. Qb3 Na6 9. a3 Bd4 10. Nf3 a4 11. Qc2 cxd5 12. exd5 Nc5 13. Nxd4 exd4 14. Ne2 Nb3 15. Rb1 Rc8 16. Qd1 0-0 17. 0-0 Qa5 18. Bf4 Qb6 19. Bg5 Qd8 20. Ng3 h6 21. Bxf6 Qxf6 22. Ne4 Qg6 23. Nc5 Bf5 24. Bxf5 Qxf5 25. Nxa4 Nc5 26. Nb6 Rce8 27. Qxd4 Re4 28. Qc3 Qg5 29. b4 Na6 30. Rbe1 Rfe8 31. Rxe4 Rxe4 32. Qd3 Qe5 33. f4 Rxf4 34. Rd1 Re4 35. Nd7 Qe7 36. c5 dxc5 37. d6 Qe6 38. bxc5 Re3 1/2-1/2

[Event "Milan Befana op-B"]
[Site "Milan"]
[Date "2014.01.05"]
[Round "5"]
[White "Santelli, Francesco"]
[Black "Poletto, Daniele"]
[Result "1/2-1/2"]
[WhiteElo "1798"]
[BlackElo "1760"]
[PlyCount "69"]
[EventDate "2014.01.02"]
[EventType "swiss"]
[EventRounds "7"]
[EventCountry "ITA"]
[SourceTitle "EXT 2015"]
[Source "ChessBase"]
[SourceDate "2014.11.20"]
[SourceVersion "1"]
[SourceVersionDate "2014.11.20"]
[SourceQuality "1"]

1. e4 c5 2. Nf3 e6 3. d4 cxd4 4. Nxd4 a6 5. Nc3 Qc7 6. Bd3 Nc6 7. Nf3 Nf6 8. a3 b5 9. Qe2 Ne5 10. Nxe5 Qxe5 11. Be3 Qc7 12. 0-0 Bb7 13. f3 Bc5 14. Qf2 Bxe3 15. Qxe3 Rc8 16. Kh1 0-0 17. Rae1 Qc5 18. Qf4 Nh5 19. Qd2 g6 20. Ne2 d5 21. exd5 Bxd5 22. c3 Rfd8 23. Qc2 Bb3 24. Qb1 Ba2 25. Qc2 Bb3 26. Qxb3 Rxd3 27. Qc2 Rcd8 28. Rd1 Rxd1 29. Rxd1 Rd5 30. Rxd5 Qxd5 31. Kg1 Qc5+ 32. Kf1 Qc4 33. Qd2 Qc7 34. g3 Nf6 35. Qd3 1/2-1/2

[Event "Milan Befana op-B"]
[Site "Milan"]
[Date "2014.01.04"]
[Round "3"]
[White "Da Campo, Giuseppe"]
[Black "Santelli, Francesco"]
[Result "1/2-1/2"]
[WhiteElo "1780"]
[BlackElo "1798"]
[PlyCount "91"]
[EventDate "2014.01.02"]
[EventType "swiss"]
[EventRounds "7"]
[EventCountry "ITA"]
[SourceTitle "EXT 2015"]
[Source "ChessBase"]
[SourceDate "2014.11.20"]
[SourceVersion "1"]
[SourceVersionDate "2014.11.20"]
[SourceQuality "1"]

1. d4 Nf6 2. c4 e5 3. dxe5 Ng4 4. Bf4 Bb4+ 5. Nd2 Nc6 6. Ngf3 Qe7 7. e3 Ngxe5 8. Nxe5 Nxe5 9. a3 Bxd2+ 10. Qxd2 a5 11. Bxe5 Qxe5 12. Be2 Ra6 13. Qd4 Qg5 14. Qg4 Qe5 15. Qd4 Qg5 16. Qg4 Qf6 17. Qd4 Qxd4 18. exd4 Re6 19. Kd2 0-0 20. Rhe1 Re4 21. d5 Rfe8 22. Bd3 R4e5 23. Rxe5 Rxe5 24. Re1 f6 25. f4 Rxe1 26. Kxe1 d6 27. b4 axb4 28. axb4 b6 29. Kf2 Kf7 30. Kf3 h6 31. g4 g6 32. h3 Bd7 33. b5 Kg7 34. h4 g5 35. h5 Bc8 36. Bg6 Bd7 37. Bd3 Be8 38. Kg3 Bd7 39. Be4 Bc8 40. Bb1 Bd7 41. Bc2 Bc8 42. Kf3 Bd7 43. Bd3 Bc8 44. Bg6 Bd7 45. Bb1 Bc8 46. f5 1/2-1/2

[Event "Milan Befana op-B"]
[Site "Milan"]
[Date "2014.01.03"]
[Round "2"]
[White "Santelli, Francesco"]
[Black "Corti, Filippo"]
[Result "1-0"]
[WhiteElo "1798"]
[BlackElo "1599"]
[PlyCount "49"]
[EventDate "2014.01.02"]
[EventType "swiss"]
[EventRounds "7"]
[EventCountry "ITA"]
[SourceTitle "EXT 2015"]
[Source "ChessBase"]
[SourceDate "2014.11.20"]
[SourceVersion "1"]
[SourceVersionDate "2014.11.20"]
[SourceQuality "1"]

1. e4 c6 2. d4 d5 3. Nc3 dxe4 4. Nxe4 Bf5 5. Ng3 Bg6 6. Nf3 Nd7 7. Nh4 e6 8. Nxg6 hxg6 9. Be3 Ngf6 10. f3 Bd6 11. Bf2 Qc7 12. Qd2 Bf4 13. Qd3 0-0-0 14. Qa3 Nb6 15. Qxa7 Kd7 16. Qa5 Ra8 17. Qb4 Nfd5 18. Qb3 Ra4 19. a3 Nf6 20. c4 Raa8 21. d5 Qe5+ 22. Be2 Bxg3 23. Bxg3 Qd4 24. dxe6+ Kxe6 25. Bf2 1-0

[Event "Milan Epiphany op"]
[Site "Milan"]
[Date "2010.01.03"]
[Round "3"]
[White "Santelli, Francesco"]
[Black "Arboscelli, Gregorio"]
[Result "1/2-1/2"]
[WhiteElo "1824"]
[BlackElo "1885"]
[PlyCount "71"]
[EventDate "2010.01.02"]
[EventType "swiss"]
[EventRounds "7"]
[EventCountry "ITA"]
[SourceTitle "EXT 2024"]
[Source "ChessBase"]
[SourceDate "2023.10.10"]
[SourceVersion "1"]
[SourceVersionDate "2023.10.10"]
[SourceQuality "1"]

1. e4 e5 2. Nc3 Nf6 3. Nf3 Nc6 4. d4 exd4 5. Nxd4 Bb4 6. Bg5 h6 7. Nxc6 bxc6 8. Bd2 d5 9. exd5 cxd5 10. Qe2+ Qe7 11. a3 Bc5 12. Qxe7+ Kxe7 13. Bd3 c6 14. 0-0 Be6 15. Rae1 Rhe8 16. b4 Bd6 17. Ne2 Kf8 18. c3 Rec8 19. Nd4 Bd7 20. Nf5 Bc7 21. Be3 Bxf5 22. Bxf5 Rd8 23. Bc5+ Bd6 24. Bd4 Nd7 25. Be3 a5 26. Ra1 Be5 27. Rfc1 axb4 28. Bxd7 Rxd7 29. Bc5+ Bd6 30. cxb4 Bxc5 31. Rxc5 Rda7 32. Rxc6 Rxa3 33. Rxa3 Rxa3 34. Kf1 Rb3 35. Rd6 Rxb4 36. Rxd5 1/2-1/2

[Event "Gorgonzola op-B 12th"]
[Site "Gorgonzola"]
[Date "2007.11.18"]
[Round "5"]
[White "Santelli, Francesco"]
[Black "Bertazzoli, Giulio"]
[Result "0-1"]
[WhiteElo "1860"]
[BlackElo "1809"]
[PlyCount "100"]
[EventDate "2007.11.10"]
[EventType "swiss"]
[EventRounds "6"]
[EventCountry "ITA"]
[SourceTitle "EXT 2010"]
[Source "ChessBase"]
[SourceDate "2010.11.25"]
[SourceVersion "1"]
[SourceVersionDate "2010.11.25"]
[SourceQuality "1"]

1. e4 c6 2. d4 d5 3. Nc3 dxe4 4. Nxe4 Nf6 5. Nxf6+ exf6 6. Be3 Bd6 7. Nf3 Bf5 8. Be2 0-0 9. Qd2 Qc7 10. 0-0 Bg4 11. h3 Bh5 12. c4 c5 13. d5 Nd7 14. Rac1 f5 15. Qc2 Bg6 16. Nh4 f4 17. Nxg6 fxg6 18. Bd2 Ne5 19. f3 Rae8 20. Rfe1 Nd7 21. Bd3 Nf6 22. Qa4 b6 23. Rxe8 Rxe8 24. Re1 Rxe1+ 25. Bxe1 Qe7 26. Qd1 Be5 27. Qd2 Bxb2 28. Bf2 Be5 29. Qe2 Kf7 30. Kf1 Bd6 31. Be4 Ne8 32. Be1 Be5 33. Bf2 Nd6 34. a4 Bc3 35. Qd3 Qe5 36. Qe2 Kf6 37. Bh4+ g5 38. Bf2 Bb4 39. Kg1 Qa1+ 40. Kh2 Qe5 41. h4 g4 42. Kh1 g3 43. Be1 Qh5 44. Qb2+ Kf7 45. Bxb4 Qxh4+ 46. Kg1 Qh2+ 47. Kf1 Qh1+ 48. Ke2 Qxg2+ 49. Kd3 Qxb2 50. Bc3 Qf2 0-1

[Event "Gorgonzola op-B 12th"]
[Site "Gorgonzola"]
[Date "2007.11.11"]
[Round "2"]
[White "Arboscelli, Gregorio"]
[Black "Santelli, Francesco"]
[Result "1/2-1/2"]
[WhiteElo "1913"]
[BlackElo "1860"]
[PlyCount "90"]
[EventDate "2007.11.10"]
[EventType "swiss"]
[EventRounds "6"]
[EventCountry "ITA"]
[SourceTitle "EXT 2010"]
[Source "ChessBase"]
[SourceDate "2010.11.25"]
[SourceVersion "1"]
[SourceVersionDate "2010.11.25"]
[SourceQuality "1"]

1. d4 Nf6 2. c4 e5 3. dxe5 Ng4 4. e4 Nxe5 5. Nc3 Bc5 6. Nf3 Nbc6 7. Nxe5 Nxe5 8. Be2 d6 9. 0-0 Bd7 10. b3 a5 11. Bb2 c6 12. Na4 Qc7 13. Bxe5 Bxf2+ 14. Rxf2 dxe5 15. Nc5 Rd8 16. Nxd7 Rxd7 17. Qc2 0-0 18. Rd1 Rfd8 19. Rxd7 Rxd7 20. Rf1 c5 21. Rd1 Rd4 22. Rxd4 exd4 23. Bd3 Qf4 24. g3 Qe3+ 25. Kg2 g5 26. Qe2 Qc1 27. e5 Kg7 28. Bc2 h5 29. Bf5 g4 30. e6 fxe6 31. Qe5+ Kf8 32. Qf6+ Ke8 33. Qxe6+ Kf8 34. Qf6+ Ke8 35. Bg6+ Kd7 36. Qf5+ Kd8 37. Qf8+ Kd7 38. Bf5+ Kc6 39. Be4+ Kd7 40. Qf7+ Kd8 41. Bxb7 Qd2+ 42. Qf2 Qd1 43. Be4 Ke7 44. Bd3 Qxd3 45. Qf4 Qc2+ 1/2-1/2

[Event "Monza op"]
[Site "Monza"]
[Date "2006.03.26"]
[Round "5"]
[White "Santelli, Francesco"]
[Black "Cardani, Roberto"]
[Result "0-1"]
[WhiteElo "1810"]
[BlackElo "1854"]
[PlyCount "58"]
[EventDate "2006.03.18"]
[EventType "swiss"]
[EventRounds "6"]
[EventCountry "ITA"]
[SourceTitle "EXT 2007"]
[Source "ChessBase"]
[SourceDate "2006.11.23"]
[SourceVersion "1"]
[SourceVersionDate "2006.11.23"]
[SourceQuality "1"]

1. e4 c5 2. Nf3 d6 3. d4 cxd4 4. Nxd4 Nf6 5. Nc3 a6 6. Be2 e5 7. Nb3 Be7 8. Bg5 Be6 9. Bxf6 Bxf6 10. Nd5 Bg5 11. h4 Bxh4 12. Bg4 Bg5 13. Bxe6 fxe6 14. Nc7+ Qxc7 15. Qh5+ Qf7 16. Qxg5 0-0 17. Qh4 h6 18. 0-0-0 d5 19. Qg3 Qxf2 20. Qxe5 Qe3+ 21. Kb1 Qxe4 22. Qc7 Nc6 23. Rde1 Qc4 24. Rxe6 Rac8 25. Qg3 Nb4 26. c3 Rf1+ 27. Rxf1 Qxf1+ 28. Re1 Qf5+ 29. Ka1 Nc2+ 0-1

[Event "Monza op"]
[Site "Monza"]
[Date "2006.03.19"]
[Round "3"]
[White "Kokosar, Oliviero"]
[Black "Santelli, Francesco"]
[Result "0-1"]
[WhiteElo "1478"]
[BlackElo "1810"]
[PlyCount "114"]
[EventDate "2006.03.18"]
[EventType "swiss"]
[EventRounds "6"]
[EventCountry "ITA"]
[SourceTitle "EXT 2007"]
[Source "ChessBase"]
[SourceDate "2006.11.23"]
[SourceVersion "1"]
[SourceVersionDate "2006.11.23"]
[SourceQuality "1"]

1. d4 Nf6 2. c4 e5 3. Bg5 exd4 4. Qxd4 Be7 5. Nc3 Nc6 6. Qd1 d6 7. e3 h6 8. Bh4 g5 9. Bg3 Be6 10. h3 Ne5 11. b3 Bf8 12. Bxe5 dxe5 13. Qf3 Bb4 14. e4 Bxc3+ 15. Qxc3 Nxe4 16. Qb2 Qd6 17. a3 Qd4 18. Qxd4 exd4 19. Bd3 Nc5 20. Bc2 d3 21. Bd1 0-0-0 22. Nf3 g4 23. Nd2 gxh3 24. gxh3 Rde8 25. Kf1 Bf5 26. Ra2 Re7 27. b4 Ne4 28. Bg4 Bxg4 29. hxg4 Nc3 30. Rb2 Re2 31. Rh3 Rxf2+ 32. Kxf2 Nd1+ 33. Kf3 Nxb2 34. Ke4 Re8+ 35. Kd4 Rd8+ 36. Kc3 Nd1+ 37. Kb3 Nf2 38. Rg3 Rd4 39. Kc3 Rxg4 40. Rxg4 Nxg4 41. Kxd3 Kd7 42. Ke4 Ke6 43. Nf3 c6 44. Kf4 Nf2 45. Nd4+ Kf6 46. Nf3 b5 47. c5 Nd3+ 48. Ke4 Nf2+ 49. Kf4 h5 50. Nd4 Nd3+ 51. Ke4 Ne5 52. Kf4 h4 53. Nf5 h3 54. Ng3 h2 55. Ke3 Nc4+ 56. Kf2 Nxa3 57. Kg2 Nc2 0-1

[Event "Lombardia-ch"]
[Site "Monza"]
[Date "2005.05.22"]
[Round "5"]
[White "Paniga, Danilo"]
[Black "Santelli, Francesco"]
[Result "1-0"]
[WhiteElo "1665"]
[BlackElo "1849"]
[PlyCount "131"]
[EventDate "2005.05.14"]
[EventType "swiss"]
[EventRounds "6"]
[EventCountry "ITA"]
[SourceTitle "EXT 2007"]
[Source "ChessBase"]
[SourceDate "2006.11.23"]
[SourceVersion "1"]
[SourceVersionDate "2006.11.23"]
[SourceQuality "1"]

1. d4 Nf6 2. Nf3 d5 3. e3 Bg4 4. Nbd2 e6 5. Bd3 Nbd7 6. 0-0 c5 7. c3 a6 8. Re1 Bd6 9. e4 dxe4 10. Nxe4 Nxe4 11. Bxe4 Qc7 12. h3 Bh5 13. d5 e5 14. c4 0-0 15. Qd3 Nf6 16. Bf5 Bg6 17. Ng5 Rae8 18. Ne4 Nxe4 19. Qxe4 b5 20. b3 b4 21. Bb2 a5 22. Re3 Bxf5 23. Qxf5 g6 24. Qf6 Qe7 25. Qxe7 Rxe7 26. Rae1 Rfe8 27. f3 f5 28. g4 h6 29. Kg2 Kf7 30. R3e2 f4 31. h4 Kf6 32. Rh1 Ra7 33. Re4 Kf7 34. Rhe1 Rae7 35. Kh3 g5 36. hxg5 hxg5 37. Kg2 Kg6 38. Rh1 Rh7 39. Ree1 Rh4 40. Rxh4 gxh4 41. Re4 Kg5 42. Kh3 Kf6 43. Rxf4+ Kg6 44. Rf5 Bc7 45. Kxh4 Rh8+ 46. Rh5 Re8 47. Kg3 e4+ 48. Kf2 exf3 49. Kxf3 Rf8+ 50. Rf5 Rxf5+ 51. gxf5+ Kxf5 52. Bg7 Bd6 53. Bh6 Bc7 54. Bf8 Bb6 55. Be7 Ke5 56. Ke3 Kf5 57. d6 Ke6 58. Ke4 Ba7 59. Bf8 Bb6 60. d7 Kf7 61. Bxc5 Bd8 62. Kd5 Kf6 63. Kc6 Ke6 64. Bb6 Ke7 65. Bxd8+ Kxd8 66. c5 1-0

[Event "Lombardia-ch"]
[Site "Monza"]
[Date "2005.05.22"]
[Round "6"]
[White "Santelli, Francesco"]
[Black "Kokosar, Oliviero"]
[Result "1-0"]
[WhiteElo "1849"]
[BlackElo "1499"]
[PlyCount "71"]
[EventDate "2005.05.14"]
[EventType "swiss"]
[EventRounds "6"]
[EventCountry "ITA"]
[SourceTitle "EXT 2007"]
[Source "ChessBase"]
[SourceDate "2006.11.23"]
[SourceVersion "1"]
[SourceVersionDate "2006.11.23"]
[SourceQuality "1"]

1. e4 e5 2. Nc3 Nf6 3. f4 Nc6 4. Nf3 d6 5. Bb5 Bd7 6. 0-0 h6 7. d3 exf4 8. Bxf4 a6 9. Bxc6 Bxc6 10. e5 Nd5 11. Nxd5 Bxd5 12. c4 Be6 13. Nd4 Qd7 14. Nxe6 fxe6 15. Qh5+ Kd8 16. Bg5+ Kc8 17. Rf7 Qc6 18. Raf1 Qc5+ 19. Kh1 b6 20. Rxf8+ Kb7 21. Rxa8 Kxa8 22. Qf3+ Ka7 23. Be3 Qxe5 24. d4 Qf5 25. Qxf5 exf5 26. Rxf5 g5 27. Kg1 Kb8 28. Kf2 Kc8 29. d5 Rh7 30. b4 Kb7 31. Rf6 Kc8 32. Kg3 Kd7 33. Kg4 Ke7 34. Re6+ Kf7 35. Kh5 c5 36. bxc5 1-0

[Event "Lombardia-ch"]
[Site "Monza"]
[Date "2005.05.14"]
[Round "1"]
[White "Bencivenga, Antonio"]
[Black "Santelli, Francesco"]
[Result "0-1"]
[WhiteElo "1476"]
[BlackElo "1849"]
[PlyCount "42"]
[EventDate "2005.05.14"]
[EventType "swiss"]
[EventRounds "6"]
[EventCountry "ITA"]
[SourceTitle "EXT 2007"]
[Source "ChessBase"]
[SourceDate "2006.11.23"]
[SourceVersion "1"]
[SourceVersionDate "2006.11.23"]
[SourceQuality "1"]

1. d4 Nf6 2. Nc3 d5 3. e4 Nxe4 4. Nxe4 dxe4 5. f3 Bf5 6. c3 e5 7. Bc4 exd4 8. cxd4 Nc6 9. fxe4 Qh4+ 10. Kf1 Qxe4 11. Nf3 Be7 12. Bg5 0-0 13. Be3 Qxe3 14. Rc1 Bf6 15. Rc3 Qf4 16. g3 Bh3+ 17. Ke1 Rfe8+ 18. Be2 Qe4 19. Rg1 Nxd4 20. Kd2 Nxe2 21. Re1 Rad8+ 0-1

[Event "Monza Weekend op"]
[Site "Monza"]
[Date "2001.03.18"]
[Round "2"]
[White "Santelli, Francesco"]
[Black "Olivo, Mario"]
[Result "1-0"]
[WhiteElo "1698"]
[BlackElo "1741"]
[PlyCount "71"]
[EventDate "2001.??.??"]
[EventType "swiss"]
[EventRounds "6"]
[EventCountry "ITA"]
[SourceTitle "EXT 2005"]
[Source "ChessBase"]
[SourceDate "2004.11.15"]
[SourceVersion "1"]
[SourceVersionDate "2004.11.15"]
[SourceQuality "1"]

1. e4 c5 2. Nf3 d6 3. d4 cxd4 4. Nxd4 Nf6 5. Nc3 a6 6. Bd3 e5 7. Nb3 h6 8. Qe2 Be7 9. Bd2 b5 10. a4 b4 11. Nd5 Nxd5 12. exd5 a5 13. c3 bxc3 14. bxc3 0-0 15. 0-0 f5 16. Bb5 Bg5 17. f4 Bf6 18. Rac1 Nd7 19. Be3 exf4 20. Bxf4 Ne5 21. Be3 Bg5 22. Nd4 f4 23. Bd2 Bg4 24. Nf3 Nxf3+ 25. gxf3 Bh3 26. Rfd1 Rf6 27. Be1 Rf7 28. Bf2 Re7 29. Qd2 Qf8 30. Re1 Raa7 31. Bxa7 Rxe1+ 32. Rxe1 Qf7 33. Bd4 Bh4 34. Re8+ Kh7 35. Bd3+ g6 36. Rh8# 1-0

[Event "Monza Weekend op"]
[Site "Monza"]
[Date "2001.03.18"]
[Round "3"]
[White "Troiani, Mauro"]
[Black "Santelli, Francesco"]
[Result "1-0"]
[WhiteElo "1806"]
[BlackElo "1698"]
[PlyCount "119"]
[EventDate "2001.??.??"]
[EventType "swiss"]
[EventRounds "6"]
[EventCountry "ITA"]
[SourceTitle "EXT 2005"]
[Source "ChessBase"]
[SourceDate "2004.11.15"]
[SourceVersion "1"]
[SourceVersionDate "2004.11.15"]
[SourceQuality "1"]

1. d4 Nf6 2. c4 e5 3. dxe5 Ng4 4. Bf4 Nc6 5. Nf3 Bb4+ 6. Nbd2 Qe7 7. a3 Ngxe5 8. Nxe5 Nxe5 9. e3 Bxd2+ 10. Qxd2 a5 11. Qc3 f6 12. Be2 c5 13. 0-0 0-0 14. Rfd1 d6 15. h3 Be6 16. Rd2 Qf7 17. Rc1 Rfd8 18. Bxe5 dxe5 19. Rxd8+ Rxd8 20. Qxa5 Qe7 21. Qc3 Rd6 22. Rd1 Rxd1+ 23. Bxd1 Qd7 24. Bf3 b6 25. Qc2 f5 26. Be2 e4 27. b3 Qd6 28. Qd1 Qxd1+ 29. Bxd1 Kf7 30. Kf1 Ke7 31. Ke1 Kd6 32. Kd2 Kc6 33. Kc3 g5 34. b4 Bf7 35. a4 cxb4+ 36. Kxb4 f4 37. Bg4 Bg6 38. Be6 h5 39. Bd5+ Kc7 40. c5 h4 41. Kc4 Bf5 42. cxb6+ Kxb6 43. exf4 gxf4 44. Kd4 f3 45. gxf3 exf3 46. Ke3 Bxh3 47. Kxf3 Ka5 48. Bc6 Bf1 49. Kf4 h3 50. Kg3 Kb6 51. Bd7 Bg2 52. f4 Kc7 53. Bxh3 Bc6 54. a5 Bb5 55. Kf2 Kb7 56. Bf1 Bd7 57. Ke3 Kc6 58. Kd4 Kd6 59. Bd3 Bc6 60. a6 1-0